000 00826cam a2200253 a 4500
001 4854108
005 20240208060301.0
008 910610s1991 enk b 001 0 eng
020 _a0803983131
020 _a080398314X (pbk.)
040 _aDLC
_cDLC
_dDLC
082 _222
_a306.8.
_bANN.
245 0 0 _aMotherhood :
_bmeanings, practices, and ideologies /
_cedited by Ann Phoenix, Anne Woollett, and Eva Lloyd.
260 _aLondon ;
_aNewbury Park :
_bSage Publications,
_c1991.
300 _ax, 240 p. ;
650 0 _aMotherhood.
650 0 _aMothers
700 1 _aPhoenix, Ann.
_eedt
700 1 _aWoollett, Anne.
_eedt
700 1 _aLloyd, Eva.
_eedt
856 4 2 _uhttp://www.loc.gov/catdir/enhancements/fy0656/91053092-d.html
856 4 1 _uhttp://www.loc.gov/catdir/enhancements/fy0656/91053092-t.html
942 _cL
999 _c351
_d351